| 000 | 00785nam a22002297a 4500 | ||
|---|---|---|---|
| 999 |
_c723 _d723 |
||
| 003 | AR-CdUCM | ||
| 008 | 190225b ||||| |||| 00| 0 spa d | ||
| 040 |
_aMUNICIPALIDAD PROVINCIAL DEL CUSCO _cBIBLIOTECA MUNICIPAL DEL CUSCO |
||
| 082 |
_a985.01 / _bG24 |
||
| 100 |
_aGarcilaso de la Vega, Inca _92774 |
||
| 245 | _aHistoria de la florida / | ||
| 260 |
_aLima : _bPeisa , _c1976. |
||
| 300 |
_a124 páginas ; _c16 cm. |
||
| 440 |
_aBiblioteca Peruana _n56 _92775 |
||
| 505 | _aLlega la armada a santiago de Cuba -- De los tormentos que un cacique daba a un español -- De la magnimidad del curaca... | ||
| 650 |
_aÉpoca colonial. _91374 |
||
| 650 |
_aGarcilaso. _92776 |
||
| 650 |
_aCaciques. _92777 |
||
| 650 |
_aCuracas. _92778 |
||
| 942 |
_2ddc _cLIBROS |
||
| 945 |
_awfj _d2019.02.25 |
||